|
|
|
|
| LEADER |
01165nam a2200277 a 4500 |
| 001 |
154918 |
| 008 |
090617r1999 enk 000 0 eng d |
| 010 |
|
|
|a 98115315
|
| 020 |
|
|
|a 8176490709
|
| 020 |
|
|
|a 075062244X (pbk.)
|
| 040 |
|
|
|a UkNcU
|c UkNcU
|d DLC
|
| 082 |
0 |
0 |
|a 658.8
|2 21
|
| 100 |
1 |
|
|a Wilson, R. M. S.
|q (Richard Malcolm Sano)
|
| 245 |
1 |
0 |
|a Strategic marketing management :
|b planning, implementation, and control /
|c Richard M.S. Wilson and Colin Gilligan.
|
| 250 |
|
|
|a 2nd ed.
|
| 260 |
|
|
|a Oxford, England :
|b Butterworth-Heinemann, ;
|a New Delhi, :
|b Viva Books Private Ltd.
|c 1999.[Reprinted]
|
| 300 |
|
|
|a xx, 827 p. :
|b ill. ;
|c 29 cm.
|
| 490 |
1 |
|
|a The Marketing series
|
| 504 |
|
|
|a Includes bibliography (p. 791-811) and index.
|
| 541 |
1 |
|
|e 00011792
|
| 650 |
|
0 |
|a Marketing
|x Management.
|
| 700 |
1 |
|
|a Gilligan, Colin.
|
| 830 |
|
0 |
|a Marketing series (London, England)
|
| 852 |
4 |
|
|a Ayesha Abed Library
|j General shelf
|
| 999 |
|
|
|c 1459
|d 1459
|
| 952 |
|
|
|0 0
|1 0
|2 ddc
|4 0
|6 658_800000000000000_WIL
|7 0
|9 1338
|a BRACUL
|b BRACUL
|c GEN
|d 2009-06-28
|g 0.00
|l 1
|m 18
|o 658.8 WIL
|p 3010011792
|r 2019-04-03
|s 2016-01-11
|t 1
|w 2009-06-28
|y BK
|x No price found in the accession register.
|